[Event "Mittelfranken Landesliga Sued 2122"]
[Site "Mittelfranken"]
[Date "2022.05.29"]
[Round "9.6"]
[White "Kuhn, Hubert"]
[Black "Krueger, Christian"]
[Result "1/2-1/2"]
[WhiteElo "1972"]
[BlackElo "1764"]
[PlyCount "147"]
[EventDate "2021.10.24"]
[EventType "team-tourn"]
[EventRounds "9"]
[EventCountry "GER"]
[SourceTitle "EXT 2024"]
[Source "ChessBase"]
[SourceDate "2023.10.10"]
[SourceVersion "1"]
[SourceVersionDate "2023.10.10"]
[SourceQuality "1"]
[WhiteTeam "Muenchen Zugzwang II"]
[BlackTeam "Groebenzell II"]
[WhiteTeamCountry "GER"]
[BlackTeamCountry "GER"]

1. d4 d5 2. Nc3 Nf6 3. Bf4 Bd7 4. e3 e6 5. g4 Bd6 6. Qf3 Qe7 7. g5 Ne4 8. Bxd6 cxd6 9. Nxe4 dxe4 10. Qg3 d5 11. 0-0-0 Ba4 12. f3 0-0 13. fxe4 dxe4 14. Bg2 Bc6 15. Ne2 Nd7 16. Nc3 Nb6 17. a3 Nc4 18. Bxe4 Rac8 19. Qh4 Bxe4 20. Nxe4 Qc7 21. Nf6+ gxf6 22. gxf6 Kh8 23. Qh6 Rg8 24. Rhg1 Qb6 25. b3 Nxa3 26. Rxg8+ Rxg8 27. d5 Qc5 28. c4 Nxc4 29. bxc4 Qxc4+ 30. Kb1 Qb4+ 31. Kc2 exd5 32. Rd2 a5 33. Qh5 Qe4+ 34. Kb2 Qb4+ 35. Kc2 Rc8+ 36. Kd1 Qb3+ 37. Ke2 Qc4+ 38. Kf2 Qc7 39. Qh6 Rg8 40. Kf3 Qd7 41. Qh5 Qe6 42. Rxd5 Qxf6+ 43. Rf5 Qc6+ 44. Kf4 Qc7+ 45. Kf3 Rg6 46. Rxa5 Qc6+ 47. e4 Kg7 48. Qe5+ Qf6+ 49. Qxf6+ Rxf6+ 50. Kg4 Re6 51. e5 f6 52. exf6+ Kxf6 53. Rh5 Kg6 54. Rg5+ Kf7 55. Rb5 b6 56. h4 Ke7 57. h5 Kd7 58. Rg5 Kd6 59. Rg7 h6 60. Kf5 Re5+ 61. Kg6 b5 62. Kxh6 b4 63. Rb7 Kc5 64. Kg6 Kc4 65. h6 Re6+ 66. Kg7 Rxh6 67. Kxh6 Kc3 68. Kg5 b3 69. Kf4 b2 70. Ke3 Kc2 71. Rc7+ Kd1 72. Rd7+ Kc1 73. Rb7 b1Q 74. Rxb1+ 1/2-1/2

[Event "Mittelfranken Landesliga Sued 2122"]
[Site "Mittelfranken"]
[Date "2022.05.15"]
[Round "5.6"]
[White "Krueger, Christian"]
[Black "Gradwohl, Manfred"]
[Result "0-1"]
[WhiteElo "1764"]
[BlackElo "1995"]
[PlyCount "76"]
[EventDate "2021.10.24"]
[EventType "team-tourn"]
[EventRounds "9"]
[EventCountry "GER"]
[SourceTitle "EXT 2024"]
[Source "ChessBase"]
[SourceDate "2023.10.10"]
[SourceVersion "1"]
[SourceVersionDate "2023.10.10"]
[SourceQuality "1"]
[WhiteTeam "Groebenzell II"]
[BlackTeam "Garching II"]
[WhiteTeamCountry "GER"]
[BlackTeamCountry "GER"]

1. e4 c5 2. Nf3 Nc6 3. d4 cxd4 4. Nxd4 e5 5. Nb5 d6 6. N1c3 a6 7. Na3 Be7 8. Bd3 Nf6 9. Bg5 Nxe4 10. Nxe4 Bxg5 11. Bc4 Be7 12. Qh5 0-0 13. 0-0-0 b5 14. Bd5 Bb7 15. g4 Na5 16. g5 Bxd5 17. Rxd5 b4 18. Nb1 Nc4 19. Rhd1 Nb6 20. Rxe5 dxe5 21. Rxd8 Raxd8 22. Nbd2 Rd4 23. g6 hxg6 24. Qxe5 Rd7 25. Qa5 Rb8 26. Qxa6 f5 27. Ng3 Bg5 28. Ngf1 Rbd8 29. Qxb6 Rxd2 30. Nxd2 Rxd2 31. Qxg6 Bf4 32. Qxf5 Rd4+ 33. Qxf4 Rxf4 34. a3 bxa3 35. bxa3 Rxf2 36. Kb2 Rxh2 37. Kb3 g5 38. a4 g4 0-1